Colombia, petróleo y política : (Registro nro. 12441)

Detalles MARC
000 -LEADER
fixed length control field 01577cam a2200313 a 4500
001 - CONTROL NUMBER
control field 14359558
003 - CONTROL NUMBER IDENTIFIER
control field OSt
005 - DATE AND TIME OF LATEST TRANSACTION
control field 20210910102655.0
008 - FIXED-LENGTH DATA ELEMENTS--GENERAL INFORMATION
fixed length control field 060501s2005 ck ab b 001 0 spa d
010 ## - LIBRARY OF CONGRESS CONTROL NUMBER
LC control number 2006368996
020 ## - INTERNATIONAL STANDARD BOOK NUMBER
International Standard Book Number 9588093562 (pbk.)
020 ## - INTERNATIONAL STANDARD BOOK NUMBER
International Standard Book Number 9789588093567
040 ## - CATALOGING SOURCE
Original cataloging agency COO
Transcribing agency CO-JMCR
041 0# - LANGUAGE CODE
Language code of text/sound track or separate title spa
082 04 - DEWEY DECIMAL CLASSIFICATION NUMBER
Classification number 338.27282 /
Item number H558c
Edition number 23
100 1# - MAIN ENTRY--PERSONAL NAME
Personal name Hernández R., Luis H.
Fuller form of name (Luis Humberto Hernández Riveros)
Dates associated with a name autor
9 (RLIN) 40229
245 10 - TITLE STATEMENT
Title Colombia, petróleo y política :
Remainder of title posibles alianzas estratégicas /
Statement of responsibility, etc. Luis H. Hernández R.
250 ## - EDITION STATEMENT
Edition statement Primera adicción
260 ## - PUBLICATION, DISTRIBUTION, ETC.
Place of publication, distribution, etc. Bogotá :
Name of publisher, distributor, etc. Desde Abajo :
-- Le Monde Diplomatique,
Date of publication, distribution, etc. 2005.
300 ## - PHYSICAL DESCRIPTION
Extent 141 páginas :
Other physical details ilustraciones, gráficas y mapas en blanco y negro ;
Dimensions 18 cm.
490 0# - SERIES STATEMENT
Series statement Colección Colombia presente y futuro ;
Volume/sequential designation 2
504 ## - BIBLIOGRAPHY, ETC. NOTE
Bibliography, etc. note Bibliografías : páginas 154-166, e índices.
505 0# - FORMATTED CONTENTS NOTE
Formatted contents note Entorno internacional. -- Situación petrolera colombiana: un momento crucial. -- Alianza estratégicas colombianas: entre el Alba y el Alca.
520 0# - SUMMARY, ETC.
Summary, etc. La Colección Colombia Presente y Futuro tiene por objetivo estimular al lector no especializado en el estudio de nuestro país. Sus libros brindan descripciones, definiciones y proyecciones de la Colombia real en los albores del siglo XXI, dando pistas para que el lector prosiga la labor investigativa aquí iniciada.
650 14 - SUBJECT ADDED ENTRY--TOPICAL TERM
Topical term or geographic name entry element Industria y comercio del petróleo
Geographic subdivision Colombia.
9 (RLIN) 12863
650 24 - SUBJECT ADDED ENTRY--TOPICAL TERM
Topical term or geographic name entry element La política energética
Geographic subdivision Colombia.
9 (RLIN) 12864
650 24 - SUBJECT ADDED ENTRY--TOPICAL TERM
Topical term or geographic name entry element Situación mundial
Form subdivision Petróleo
9 (RLIN) 40230
942 ## - ADDED ENTRY ELEMENTS (KOHA)
Source of classification or shelving scheme Dewey Decimal Classification
Koha item type Books
Existencias
Withdrawn status Lost status Source of classification or shelving scheme Damaged status Not for loan Home library Current library Shelving location Date acquired Source of acquisition Full call number Barcode Date last seen Copy number Price effective from Koha item type
    Dewey Decimal Classification     Biblioteca Pública José María del Castillo y Rada Biblioteca Pública José María del Castillo y Rada General Stacks 04/15/2018 Donación 338.27282 / H558c 430005300 05/16/2024 Ej.1 03/10/2021 Books